01005cam a2200277 a 450000100090000000300040000900500170001300800410003001000170007102000220008804000180011005000240012808200220015210000410017424501100021525000120032526000630033730000350040050400530043565000410048865000410052965000400057065000540061065000390066470000240070312591292OSt20160811161300.0011116s2003 njua b 001 0 eng  a 2001058671 a0130421499 (pbk.) aDLCcDLCdDLC00aLB1737.U6bK47 200300a373.1102/09732211 aKellough, Richard D.q(Richard Dean)10aSecondary school teaching :ba guide to methods and resources /cRichard D. Kellough, Noreen G. Kellough. a2nd ed. aUpper Saddle River, N.J. :bMerrill Prentice Hall,cc2003. axvii, 425 p. :bill. ;c28 cm. aIncludes bibliographical references and indexes. 0aHigh school teachingzUnited States. 0aEducation, SecondaryzUnited States. 0aCurriculum planningzUnited States. 0aHigh school teachersxTraining ofzUnited States. 0aEffective teachingzUnited States.1 aKellough, Noreen G.